The Use Of Organic Waste To Improve The Quality Of Vermicompost OnTomato Growth, ការប្រើប្រាស់កាកសំណល់សរិរាង្គដើម្បីបង្កើនគុណភាពកំប៉ុស្តិ៍ជន្លេនលើការលូតលាស់របស់ដំណាំប៉េងប៉ោះ (Record no. 25286)

000 -LEADER
fixed length control field 00638nam a22001217a 4500
040 ## - CATALOGING SOURCE
Transcribing agency RUA
082 ## - DEWEY DECIMAL CLASSIFICATION NUMBER
Classification number MNR LON 2023 B1.422 Or.1
100 ## - MAIN ENTRY--AUTHOR NAME
Personal name LONG VIMEAN, ឡុង​ វិមាន
245 ## - TITLE STATEMENT
Title The Use Of Organic Waste To Improve The Quality Of Vermicompost OnTomato Growth, ការប្រើប្រាស់កាកសំណល់សរិរាង្គដើម្បីបង្កើនគុណភាពកំប៉ុស្តិ៍ជន្លេនលើការលូតលាស់របស់ដំណាំប៉េងប៉ោះ
260 ## - PUBLICATION, DISTRIBUTION, ETC. (IMPRINT)
Place of publication PHNOM PENH
Name of publisher RUA
Year of publication 2024
300 ## - PHYSICAL DESCRIPTION
Number of Pages x,
Other physical details ill,
Dimensions 29cm,
942 ## - ADDED ENTRY ELEMENTS (KOHA)
Koha item type MNR
952 ## - LOCATION AND ITEM INFORMATION (KOHA)
Withdrawn status [LOCAL, KOHA] 0
952 ## - LOCATION AND ITEM INFORMATION (KOHA)
Withdrawn status [LOCAL, KOHA] 0
Holdings
Permanent Location Date acquired Koha item type Lost status Shelving location Barcode Current Location Full call number
Library Block B2025-06-17MNR B1.422A083926Library Block BMNR LON 2023 B1.422 Or.1
Library Block B2025-06-17MNR B1.422A083936Library Block BMNR LON 2023 B1.422 Or.2
មជ្ឈមណ្ឌលឯការនៃសាកលវិទ្យាល័យភូមិន្ទកសិកម្មចំការដូង

Powered by Koha